000 01253cam a22003377a 4500
003 CHAP
005 20220329141559.0
008 971013s1976 r 00010 d
010 _a70475
011 _a71447
035 _a81001
040 _cCHAP
090 _aFolleto 3881
100 0 0 _aCalderón Acosta, Arturo.
_917365
245 1 4 _aLas cámaras, las películas y los filtros más usuales en el inventario de los recursos de uso pecuario
_b: notas de clase
260 _a(Chapingo, Méx.) :
_b(ENA. Departamento de Bosques),
_c1976
300 _a8 p.
590 _aBATCH-UPD
_b10
_c20130110
_lUCH01
_h1654
590 _aBATCH-UPD
_b10
_c20130410
_lUCH01
_h1043
590 _aBATCH-UPD
_b10
_c20130914
_lUCH01
_h0816
590 _aCONVERSION
_b10
_c20130109
_lUCH01
_h1339
650 1 4 _aFotografía aérea.
_942714
650 1 4 _aFotografía
_xAparatos e instrumentos.
_942711
901 _aBK
942 _cFOLL
949 _aFolleto 3881
_bBC
_cFOLL
_d-34105
_eTS1
_i81001
_mD
_si
949 _aFolleto 3881
_bBC
_cFOLL
_d-34106
_eTS2
_fc.2
_i81001
_mD
_si
949 _aFolleto 3881
_bBC
_cFOLL
_d-34107
_eTS2
_fc.3
_i81001
_si
949 _aFolleto 3881
_bBC
_cFOLL
_d-34108
_eTS2
_fc.4
_i81001
_mD
_si
949 _aFolleto 3881
_bBC
_cFOLL
_d-34109
_eTS2
_fc.5
_i81001
_mD
_si
999 _c70475
_d70475